Current essentials of emergency medicine

A major revision of this problem-oriented text, covering common problems, trauma, and non-trauma emergencies in a popular, quick-access format. Features clinically focused discussion of diagnosing and managing common emergency problems, extensive algorithms to guide quick management, a comprehensive...

وصف كامل

محفوظ في:
التفاصيل البيبلوغرافية
التنسيق: كتاب
اللغة:Undetermined
منشور في: New York Lange Medicine Book 2005
الموضوعات:
الوسوم: إضافة وسم
لا توجد وسوم, كن أول من يضع وسما على هذه التسجيلة!
Thư viện lưu trữ: Trung tâm Học liệu Trường Đại học Cần Thơ
LEADER 00959nam a2200193Ia 4500
001 CTU_138335
008 210402s9999 xx 000 0 und d
020 |c 35.05 
082 |a 616 
082 |b C976 
245 0 |a Current essentials of emergency medicine 
245 0 |c Edited by C. Keith Stone, Roger L. Humphries 
260 |a New York 
260 |b Lange Medicine Book 
260 |c 2005 
520 |a A major revision of this problem-oriented text, covering common problems, trauma, and non-trauma emergencies in a popular, quick-access format. Features clinically focused discussion of diagnosing and managing common emergency problems, extensive algorithms to guide quick management, a comprehensive table of drugs commonly used in the ER, and illustrations, including ultrasound and CT images. 
650 |a Thuốc,Emergency medicine 
904 |i Nguyễn Thị Kiều Đượm 
980 |a Trung tâm Học liệu Trường Đại học Cần Thơ